|
|
|
|
| LEADER |
00832nam a2200229 a 4500 |
| 001 |
GR-Patra1540 |
| 008 |
991022s1991 gr 000 b eng d |
| 020 |
|
|
|a 0070148570
|
| 040 |
|
|
|a GrPaTEI
|b gre
|c GR-PaULI
|
| 082 |
|
0 |
|a 629.277
|
| 100 |
1 |
|
|a Anglin, Donald L.
|
| 245 |
1 |
0 |
|a Automotive air conditioning.
|
| 250 |
|
|
|a 2nd ed.
|
| 260 |
|
|
|a Lake Forest :
|b Glencoe Publishing Co,
|c 1991
|
| 300 |
|
|
|a 275σ. :
|b εικ.
|
| 650 |
|
0 |
|a Automobiles
|x Air conditioning
|x Maintenance and repair
|
| 700 |
1 |
|
|a Crouse, William H.
|
| 710 |
0 |
|
|a Glencoe Publishing Co
|
| 942 |
|
|
|2 ddc
|
| 952 |
|
|
|0 0
|1 0
|2 ddc
|4 0
|6 629_277000000000000_CRO
|7 0
|9 282930
|a LISK
|b LISK
|c BSC
|d 2021-01-17
|e 24
|f 0
|g 0.00
|l 0
|o 629.277 CRO
|p 9241004393
|r 2021-01-17 00:00:00
|t 1
|w 2021-01-17
|y BK15
|x 19991024 0 1
|x GrPaTEI
|
| 971 |
|
|
|a .b26490389
|b 01-10-20
|c 23-09-16
|
| 999 |
|
|
|c 164712
|d 164712
|